01527cam a2200277 a 4500008004100000010001700041020004000058020003500098020004300133020003800176040007300214050002200287082001700309100002600326245008200352260005300434300003500487500002100522504006600543505042800609650003501037650003901072650002701111700002901138856008201167080129s2008 njua b 001 0 eng  a 2008003922 a0691134219 (hardcover : alk. paper) a0691138923 (pbk. : alk. paper) a9780691134215 (hardcover : alk. paper) a9780691138923 (pbk. : alk. paper) aDLCcDLCdBTCTAdBAKERdYDXCPdUKMdOCLCGdC#PdCDXdBWXdNLGGCdDLC00aJZ6385b.S46 200800a355.02/72221 aSenese, Paul Domenic.14aThe steps to war :ban empirical study /cPaul D. Senese and John A. Vasquez. aPrinceton :bPrinceton University Press,cc2008. axvii, 314 p. :bill. ;c25 cm. aAmerican Window. aIncludes bibliographical references (p. 281-299) and indexes.0 aThe steps to war -- The evolution of a research program : research design -- From territorial claims to territorial disputes : testing for selection effects -- Territory, contiguity, and their interaction : a contingent model of interstate conflict -- The probability of war between nation-states -- The probability of crisis escalation -- Exploring interactions in the steps to war -- Explaining war, thinking about peace. 0aConflict managementxResearch. 0aInternational relationsxResearch. 0aWarxCausesxResearch.1 aVasquez, John A.,d1945-413Table of contents onlyuhttp://www.loc.gov/catdir/toc/ecip089/2008003922.html